|
|
|
|
| LEADER |
01443nam a2200397Ia 4500 |
| 001 |
EBC894264 |
| 003 |
MiAaPQ |
| 005 |
20200520144314.0 |
| 006 |
m o d | |
| 007 |
cr cn||||||||| |
| 008 |
120705s2012 nju sb 001 0 eng d |
| 010 |
|
|
|z 2012027169
|
| 020 |
|
|
|z 9781118308356 (cloth)
|
| 020 |
|
|
|z 9781118334195
|
| 035 |
|
|
|a (MiAaPQ)EBC894264
|
| 035 |
|
|
|a (Au-PeEL)EBL894264
|
| 035 |
|
|
|a (CaPaEBR)ebr10605324
|
| 035 |
|
|
|a (CaONFJC)MIL395856
|
| 035 |
|
|
|a (OCoLC)799254032
|
| 040 |
|
|
|a MiAaPQ
|c MiAaPQ
|d MiAaPQ
|
| 050 |
|
4 |
|a HF5549.5.M63
|b R534 2012
|
| 082 |
0 |
4 |
|a 658.4/092
|2 23
|
| 100 |
1 |
|
|a Rice, Christopher,
|d 1954-
|
| 245 |
1 |
4 |
|a The engagement equation
|h [electronic resource] :
|b leadership strategies for an inspired workforce /
|c Christopher Rice, Fraser Marlow, and Mary Ann Masarech.
|
| 260 |
|
|
|a Hoboken, N.J. :
|b Wiley,
|c c2012.
|
| 300 |
|
|
|a xiv, 306 p.
|
| 504 |
|
|
|a Includes bibliographical references and index.
|
| 533 |
|
|
|a Electronic reproduction. Ann Arbor, MI : ProQuest, 2015. Available via World Wide Web. Access may be limited to ProQuest affiliated libraries.
|
| 650 |
|
0 |
|a Employee motivation.
|
| 650 |
|
0 |
|a Employees
|x Attitudes.
|
| 650 |
|
0 |
|a Leadership.
|
| 655 |
|
4 |
|a Electronic books.
|
| 700 |
1 |
|
|a Marlow, Fraser.
|
| 700 |
1 |
|
|a Masarech, Mary Ann.
|
| 710 |
2 |
|
|a ProQuest (Firm)
|
| 856 |
4 |
0 |
|u https://ebookcentral.proquest.com/lib/matrademy/detail.action?docID=894264
|z Click to View
|